The Office US - Trivia - Statistics

General Stats
  • This quiz has been taken 323 times
  • The average score is 11 of 14
Answer Stats
Question Answer % Correct
Let's make a simple start: What is Jim's ex-girlfriend Katy trying to sell in the conference room? Handbags
98%
Does Stanley have a moustache? Yes
90%
Who was NOT dressed up as the Joker at Halloween? Oscar
87%
Who was chosen by Andy and Dwight to go to the special project in Tallahassee, Florida? Stanley, Erin, Ryan, Cathy and Jim
85%
Who did Jim dressed up as at one of the Halloween episodes? Dave
81%
What is NOT one of Phyllis clichées for a rainy day? "Let the rain wash away all the worries of yesterday."
79%
What did Jim call "Best prank ever"? Michael's visit at Dwight's marriage
79%
At the company picnic, Holly and Michael announce the closure of which Dunder Mifflin branch in a sketch? Buffalo
76%
At Robert's pool party Erin is trying to make Andy jealous with which employee? Dwight
76%
How many minutes did Michael work at Dunder Mifflin? 9,986,000
73%
Which of the groceries that Ryan's mother produces the best was he selling at the garage sale? Pesto
70%
The face of which employee did Ryan print on the jars of that grocery? Phyllis
70%
How many bottles contains Robert's wine-collection? 1200
52%
What colour is Helen's (Pam's mother) car? Green
44%
No matching quizzes found
Score Distribution
Percent of People with Each Score
Percentile by Number Answered
Your Score History
You have not taken this quiz